000 01120cad a22002775a 4500
001 L153238
008 110627s2011 xxk g 000 0 eng d
020 _a9781842196861
035 _a(Sirsi) u153238
041 0 _aeng
050 _a692.8 $2 20
110 2 _aRoyal Institution of Chartered Surveyors
_94900
245 0 0 _aAcceleration
_h[old edition]
260 _aCoventry
_bRICS
_c2011
490 _aRICS Guidance Note
_v(GN 80/2011)
490 0 _aRICS Black Book
520 _aThis guidance note summarises what is meant by acceleration in the construction industry, how acceleration can be acheived and how it can be valued.
520 _aSuperseded by 2nd edition published February 2024 ISBN 9781783215195
590 _aKA NTK
650 2 4 _aRICS BLACK BOOK
650 2 4 _aRICS QS AND CONSTRUCTION STANDARDS
651 4 _aUnited Kingdom
690 _aBUILT ENVIRONMENT-CONSTRUCTION MANAGEMENT
856 4 0 _uhttps://www.isurv.com/download/downloads/id/3057/archive_acceleration_1st_edition_guidance_note_june_2011%E2%80%93june_2022.pdf
_zArchived on isurv (subscription required)
942 _n0
_2ddc
999 _c112431
_d112431